| 000 -LEADER |
| fixed length control field |
00491nam a22001937a 4500 |
| 008 - FIXED-LENGTH DATA ELEMENTS--GENERAL INFORMATION |
| fixed length control field |
150622b xxu||||| |||| 00| 0 eng d |
| 020 ## - INTERNATIONAL STANDARD BOOK NUMBER |
| International Standard Book Number |
0135721407 |
| 041 0# - LANGUAGE CODE |
| Language code of text/sound track or separate title |
eng |
| 080 ## - UNIVERSAL DECIMAL CLASSIFICATION NUMBER |
| Universal Decimal Classification number |
33 |
| 100 ## - Rafti |
| Rafti |
Heyne, Paul; |
| 245 ## - TITLE STATEMENT |
| Title |
The economic way of thinking / |
| Statement of responsibility, etc |
Paul Heyne; |
| 250 ## - |
| -- |
8th Edition |
| 260 ## - |
| -- |
USA; |
| -- |
Prentice-Hall; |
| -- |
1997. |
| 300 ## - |
| -- |
573 f.: |
| -- |
me il.; |
| -- |
24 cm. |
| 500 ## - |
| -- |
Preface: f.xi-xvii |
| 505 ## - |
| -- |
Index: f.567-572 |
| 650 #0 - |
| -- |
Ekonomia |
| 942 ## - ADDED ENTRY ELEMENTS (KOHA) |
| Source of classification or shelving scheme |
|
| Item type |
Books |